000 00323 a2200157 4500
001 180983
020 _a
040 _cMagnum
100 _aDolbier, Maurice
240 1 0 _aPaulo, o madeireiro
_lpor
245 1 0 _aPaulo, o madeireiro
362 0 _a1899
440 1 _aRecord
697 _aMAGNITO: J/GERAL
942 _cBK
999 _c180983
_d180983